000
00316nam a2200145Ia 4500
005
20260513122049.0
020
_a
9783319242750
100
_a
Wickham
365
_c
€
365
_b
28.00
942
_c
BK
245
_a
ggplot2: Elegant Graphics for Data Analysis 2/e
260
_b
Springer
999
_c
12
_d
12